[Event "Prague Summer op"]
[Site "Prague"]
[Date "2024.08.07"]
[Round "7"]
[White "Cilia Vincenti, David"]
[Black "Persson, Andreas"]
[Result "0-1"]
[WhiteElo "2023"]
[BlackElo "2139"]
[PlyCount "48"]
[EventDate "2024.08.02"]
[EventType "swiss"]
[EventRounds "9"]
[EventCountry "CZE"]
[SourceTitle "CBM 221 Extra"]
[Source "ChessBase"]
[SourceDate "2024.09.30"]
[SourceVersion "1"]
[SourceVersionDate "2024.09.30"]
[SourceQuality "1"]

1. c4 e6 2. g3 d5 3. Bg2 Nf6 4. Nf3 dxc4 5. Qa4+ Bd7 6. Qxc4 Bc6 7. Nc3 a6 8. 0-0 Be7 9. Qb3 0-0 10. Qc2 b5 11. a3 a5 12. Re1 Nbd7 13. Nd4 Bxg2 14. Kxg2 Ne5 15. e3 b4 16. f4 Ng6 17. Nc6 Qd7 18. Nxe7+ Nxe7 19. Na4 Nf5 20. Nc5 Qc6+ 21. Kg1 b3 22. Qc3 Nd5 23. Qc4 Nd6 24. Qd4 Nb5 0-1

[Event "North Island-ch Staurt Memorial"]
[Site "Auckland"]
[Date "2023.07.15"]
[Round "5"]
[White "Zhu, David Junyang"]
[Black "Cilia Vincenti, David"]
[Result "0-1"]
[WhiteElo "1640"]
[BlackElo "1929"]
[PlyCount "100"]
[EventDate "2023.07.13"]
[EventType "swiss"]
[EventRounds "8"]
[EventCountry "NZL"]
[SourceTitle "EXT 2024"]
[Source "ChessBase"]
[SourceDate "2023.10.10"]
[SourceVersion "1"]
[SourceVersionDate "2023.10.10"]
[SourceQuality "1"]

1. e4 c5 2. Nf3 e6 3. d4 cxd4 4. Nxd4 Nf6 5. Nc3 Nc6 6. Ndb5 d6 7. Bf4 e5 8. Bg5 a6 9. Na3 b5 10. Nd5 Be7 11. Bxf6 Bxf6 12. c3 Bg5 13. Nc2 Rb8 14. a4 bxa4 15. Ncb4 Nxb4 16. cxb4 0-0 17. h4 Bh6 18. Rxa4 f5 19. exf5 Bxf5 20. Bxa6 Be4 21. Bc4 Kh8 22. f3 Bxd5 23. Qxd5 Qb6 24. Qe4 Rf4 25. Qe2 Rd4 26. b3 Rd2 27. Qxd2 Bxd2+ 28. Kxd2 d5 29. Bd3 Qf2+ 30. Be2 Qd4+ 31. Kc2 Rc8+ 32. Kb1 Qe3 33. Ra2 Qxb3+ 34. Rb2 Qe3 35. b5 Rb8 36. Rc1 h5 37. Rc6 d4 38. b6 d3 39. Bd1 Rb7 40. g4 Qg1 41. Kc1 e4 42. Rb5 e3 43. Rc8+ Kh7 44. Rxh5+ Kg6 45. Rf8 Rf7 46. Rg5+ Kf6 47. Rc8 e2 48. Rc6+ Ke7 49. Re5+ Kd7 50. Rc7+ Kd6 0-1

[Event "North Island-ch Staurt Memorial"]
[Site "Auckland"]
[Date "2023.07.13"]
[Round "2"]
[White "Cilia Vincenti, David"]
[Black "Mei, Zihan"]
[Result "1-0"]
[WhiteElo "1929"]
[BlackElo "1359"]
[PlyCount "99"]
[EventDate "2023.07.13"]
[EventType "swiss"]
[EventRounds "8"]
[EventCountry "NZL"]
[SourceTitle "EXT 2024"]
[Source "ChessBase"]
[SourceDate "2023.10.10"]
[SourceVersion "1"]
[SourceVersionDate "2023.10.10"]
[SourceQuality "1"]

1. d4 e6 2. c4 Nf6 3. Nc3 Bb4 4. Qc2 0-0 5. a3 Bxc3+ 6. Qxc3 d5 7. Nf3 Nbd7 8. Bg5 h6 9. Bh4 b6 10. cxd5 exd5 11. e3 Re8 12. Bb5 c5 13. dxc5 bxc5 14. Bxf6 Qxf6 15. Qxf6 gxf6 16. 0-0-0 d4 17. exd4 cxd4 18. Rxd4 Re7 19. Re1 Ne5 20. Rd8+ Kg7 21. Nxe5 fxe5 22. Ba6 Rc7+ 23. Kd2 Kf6 24. Rc1 Rd7+ 25. Rxd7 Bxd7 26. Rc7 Be6 27. b4 Bd5 28. g3 Ke6 29. Bb7 Rd8 30. Bxd5+ Rxd5+ 31. Kc3 a5 32. Rc6+ Kf5 33. Rxh6 axb4+ 34. axb4 Kg4 35. Rf6 Rd7 36. h4 Rc7+ 37. Kb3 Re7 38. b5 e4 39. Rf4+ Kh3 40. Kb4 e3 41. fxe3 Rxe3 42. b6 Rxg3 43. Rxf7 Kxh4 44. b7 Rg1 45. Kb5 Re1 46. Kc6 Rc1+ 47. Kb6 Rb1+ 48. Kc7 Rc1+ 49. Kd8 Rb1 50. Kc8 1-0

[Event "Wellington CC Autumn Cup-A"]
[Site "Wellington"]
[Date "2023.06.01"]
[Round "3"]
[White "Dive, Russell John"]
[Black "Cilia Vincenti, David"]
[Result "0-1"]
[WhiteElo "2345"]
[BlackElo "2156"]
[PlyCount "84"]
[EventDate "2023.05.18"]
[EventType "tourn"]
[EventRounds "5"]
[EventCountry "NZL"]
[SourceTitle "EXT 2025"]
[Source "ChessBase"]
[SourceDate "2024.10.14"]
[SourceVersion "1"]
[SourceVersionDate "2024.10.14"]
[SourceQuality "1"]

1. Nf3 c5 2. c4 Nc6 3. g3 e5 4. Nc3 g6 5. Bg2 Bg7 6. 0-0 Nge7 7. Ne1 d6 8. Nc2 0-0 9. a3 Be6 10. Ne3 a6 11. b4 b5 12. cxb5 axb5 13. bxc5 d5 14. Nxb5 d4 15. Nc2 Bb3 16. Rb1 Ba4 17. Nd6 Rb8 18. Bb2 Qa5 19. Nc4 Qxc5 20. d3 Na5 21. Qd2 Nxc4 22. dxc4 Bh6 23. e3 Rfd8 24. Nb4 dxe3 25. Qc3 e2 26. Na6 exf1Q+ 27. Rxf1 Qd4 28. Nxb8 Rxb8 29. Qxd4 exd4 30. Bxd4 Nf5 31. Be5 Rc8 32. g4 Ne7 33. Bd6 Nc6 34. Rb1 Bf8 35. Bxf8 Kxf8 36. Bd5 Rc7 37. f4 Ne7 38. Rb8+ Rc8 39. Rxc8+ Nxc8 40. Kf2 Nb6 41. Ke3 Nxd5+ 42. cxd5 Ke7 0-1

[Event "Arie Nijman Memorial"]
[Site "Christchurch"]
[Date "2023.05.21"]
[Round "5"]
[White "Cilia Vincenti, David"]
[Black "Liu, William Rui"]
[Result "0-1"]
[WhiteElo "1963"]
[BlackElo "1821"]
[PlyCount "72"]
[EventDate "2023.05.19"]
[EventType "swiss"]
[EventRounds "6"]
[EventCountry "NZL"]
[SourceTitle "EXT 2024"]
[Source "ChessBase"]
[SourceDate "2023.10.10"]
[SourceVersion "1"]
[SourceVersionDate "2023.10.10"]
[SourceQuality "1"]

1. c4 e6 2. Nc3 d5 3. d4 Nf6 4. cxd5 exd5 5. Bg5 Be7 6. e3 0-0 7. Bd3 c6 8. Qc2 h6 9. Bh4 Re8 10. Nf3 Nbd7 11. 0-0 Ne4 12. Bxe4 Bxh4 13. Bh7+ Kh8 14. Bd3 Bf6 15. e4 dxe4 16. Nxe4 Nf8 17. Nxf6 Qxf6 18. Ne5 Be6 19. Rad1 Rad8 20. Bc4 Bxc4 21. Qxc4 Ne6 22. Rd3 Qe7 23. Rfd1 Rd5 24. Nf3 Qf6 25. Qb4 Nf4 26. Re3 Rxe3 27. fxe3 Nh3+ 28. Kf1 Rf5 29. Ke2 Qg6 30. gxh3 Qg2+ 31. Kd3 Qxf3 32. Rd2 b6 33. Qd6 Qf1+ 34. Kc3 b5 35. Qxc6 Qc1+ 36. Rc2 Qxe3+ 0-1

[Event "Arie Nijman Memorial"]
[Site "Christchurch"]
[Date "2023.05.19"]
[Round "1"]
[White "Bolster, Caolan"]
[Black "Cilia Vincenti, David"]
[Result "0-1"]
[WhiteElo "1451"]
[BlackElo "1963"]
[PlyCount "84"]
[EventDate "2023.05.19"]
[EventType "swiss"]
[EventRounds "6"]
[EventCountry "NZL"]
[SourceTitle "EXT 2024"]
[Source "ChessBase"]
[SourceDate "2023.10.10"]
[SourceVersion "1"]
[SourceVersionDate "2023.10.10"]
[SourceQuality "1"]

1. e4 c5 2. Nf3 e6 3. d4 cxd4 4. Nxd4 Nf6 5. Nc3 Nc6 6. Ndb5 d6 7. Bg5 a6 8. Nd4 Be7 9. Be2 0-0 10. 0-0 Qc7 11. a4 b6 12. Nxc6 Qxc6 13. Bf3 e5 14. Bxf6 Bxf6 15. Nd5 Be6 16. c4 Bxd5 17. cxd5 Qb7 18. Bg4 Bg5 19. Ra3 g6 20. Be2 b5 21. axb5 axb5 22. Rxa8 Rxa8 23. Qb3 b4 24. g3 Qb6 25. Kg2 Qc5 26. f4 Bf6 27. Qf3 Ra7 28. f5 Bg5 29. fxg6 hxg6 30. h4 Bd2 31. b3 Qe3 32. Qxe3 Bxe3 33. Rf6 Bc5 34. Kh3 Ra2 35. Bc4 Rc2 36. Rf3 Rc1 37. Rf1 Rc3 38. Re1 Bf2 39. Re2 Bxg3 40. Kg4 Bf4 41. h5 Rg3+ 42. Kh4 g5# 0-1

[Event "Wellington CC Summer Cup"]
[Site "Wellington"]
[Date "2023.03.02"]
[Round "4"]
[White "Cilia Vincenti, David"]
[Black "Croad, Nicholas"]
[Result "1/2-1/2"]
[WhiteElo "2136"]
[BlackElo "2442"]
[PlyCount "69"]
[EventDate "2023.02.10"]
[EventType "swiss"]
[EventRounds "8"]
[EventCountry "NZL"]
[SourceTitle "EXT 2025"]
[Source "ChessBase"]
[SourceDate "2024.10.14"]
[SourceVersion "1"]
[SourceVersionDate "2024.10.14"]
[SourceQuality "1"]

1. d4 Nf6 2. c4 e6 3. Nc3 Bb4 4. Qc2 d5 5. a3 Bxc3+ 6. Qxc3 0-0 7. Nf3 dxc4 8. Qxc4 b6 9. Bg5 Ba6 10. Qa4 Qd7 11. Qc2 c5 12. Bxf6 gxf6 13. Rd1 Qc6 14. dxc5 Nd7 15. Nd4 Qxc5 16. Qxc5 Nxc5 17. b4 Na4 18. e3 Bxf1 19. Rxf1 Rfd8 20. Rc1 Rac8 21. Ke2 Nc3+ 22. Kd3 Nd5 23. b5 Kf8 24. Rxc8 Rxc8 25. Nc6 Ne7 26. Nxe7 Kxe7 27. Rb1 Rc5 28. Rb4 Rg5 29. g3 Rh5 30. h4 Rd5+ 31. Ke2 f5 32. f4 Rc5 33. Ra4 Rxb5 34. Rxa7+ Kf6 35. Ra6 1/2-1/2

[Event "Auckland Morrison Memorial"]
[Site "Auckland"]
[Date "2022.10.22"]
[Round "3"]
[White "Chen, Anderson"]
[Black "Cilia Vincenti, David"]
[Result "0-1"]
[WhiteElo "1293"]
[BlackElo "1995"]
[PlyCount "60"]
[EventDate "2022.10.22"]
[EventType "swiss"]
[EventRounds "6"]
[EventCountry "NZL"]
[SourceTitle "EXT 2024"]
[Source "ChessBase"]
[SourceDate "2023.10.10"]
[SourceVersion "1"]
[SourceVersionDate "2023.10.10"]
[SourceQuality "1"]

1. e4 c5 2. c4 Nc6 3. Ne2 e6 4. Nbc3 Nge7 5. g3 Nd4 6. Nxd4 cxd4 7. Ne2 Nc6 8. d3 d5 9. f4 dxe4 10. dxe4 d3 11. Nc3 Nb4 12. Kf2 Bc5+ 13. Be3 Bxe3+ 14. Kxe3 Nc2+ 15. Kd2 Nxa1 16. Qxa1 Bd7 17. Bxd3 0-0 18. Kc2 a6 19. Qd1 Qa5 20. e5 Bc6 21. Rf1 b5 22. Kb1 Rfd8 23. Qc2 g6 24. f5 exf5 25. Bxf5 b4 26. Nd5 Bxd5 27. cxd5 gxf5 28. Qxf5 Qxd5 29. Qg4+ Kh8 30. Qh5 Qd3+ 0-1